| 000 | 00787cac a2200253 a 4500 | ||
|---|---|---|---|
| 003 | Co-PeBPM | ||
| 005 | 20250204183619.0 | ||
| 008 | 231129e1984||||xx |||||||||||||| ||spa|| | ||
| 020 | _a8449968321 | ||
| 040 | 0 |
_aCo-PeBPM _bspa _cCo-PeBPM _erda |
|
| 041 | _aspa | ||
| 082 | 0 | 4 |
_a142.3 K16n _222 |
| 100 | 1 | 0 |
_aKant, Inmanuel _eAutor |
| 245 | 0 |
_aNueva crítica de la razón pura _c/ Inmanuel Kant |
|
| 260 |
_aMadrid, España _b: Editorial Sarpe _c, 1984 |
||
| 300 |
_a139 Páginas _c17,5 centímetros |
||
| 490 |
_aLos grandes pensadores _v62 |
||
| 500 | _aIncluye Índice. | ||
| 650 | 1 | 4 |
_2LEMB _aTeoría del conocimiento |
| 650 | 1 | 4 |
_aRacionalismo _2LEMB |
| 650 | 1 | 4 |
_aRazón _2LEMB |
| 942 |
_2ddc _cBK |
||
| 999 |
_c21858 _d21858 |
||